The Mandalorian (Season 2) A-Z - Statistics

General Stats
  • This quiz has been taken 16 times
  • The average score is 13 of 22
Answer Stats
Letter Hint Answer % Correct
B Cobb Vanth, known as the Marshal, wears who's armor? Boba Fett
100%
C A human female Alderaanian who was once a shock trooper in the Alliance to Restore the Republic Carasynthia Dune
100%
G The Child's name Grogu
100%
L Jedi with a green lightsaber who agrees to train the Child to become a Jedi Luke Skywalker
100%
N A democratic union of various planets across the galaxy and was the restoration of the Galactic Republic {New} Republic
100%
X Starfighter used by the Republic X-wing
100%
A Din Djarin meets this Jedi on the planet Corvus Ahsoka Tano
92%
K Townsfolk, Tusken Raiders, and Din Djarin work together to take down this large creature Krayt Dragon
92%
F Din Djarin must transport this person to an estuary moon {Frog} Lady
83%
D a type of experimental third-generation battle droid used by the Imperial remnant of Moff Gideon Dark Trooper
75%
Q Sentient species who try to feed the Child to a mamacore Quarren
58%
M A human male mercenary who was a former sharpshooter in the Imperial Army Migs Mayfeld
50%
P A human female and skilled engineer who managed Hangar 3-5 at Mos Eisley spaceport Peli Motto
42%
R A volatile starship fuel Rhydonium
42%
V Imperial general who participated in carrying out Operation: Cinder on the planet Burnin Konn, where he chose to sacrifice his own division in wiping out a city Valin Hess
42%
T An estuary moon orbiting the gas giant Kol Iben Trask
33%
W A human male who lived in the city of Calodan on the planet of Corvus Wing
33%
E A model of blaster carbine used by a Mandalorian in green armor {EE-3} Carbine Rifle
25%
S A dome-shaped stone located at the ancient ruins of the Force-henge on the planet Tython {Seeing} Stone
25%
H Magistrate Morgan Elsbeth utilized two of these droids to hunt down Din Djarin and the Jedi {HK}-{87} Assassin Droid
17%
J A model of large, ten-wheeled ground assault vehicle {Juggernaut} Turbo Tank
17%
U An Aqualish whos criminal's profile is seen in the New Republic prison registry Unga Toba
0%
No matching quizzes found
Score Distribution
Percent of People with Each Score
Percentile by Number Answered
Your Score History
You have not taken this quiz